[Event "Østlandsserien 2016/2017, 4. div. D"]
[Site "Ås, Akershus NOR"]
[Date "2017.01.15"]
[Round "3"]
[White "Lange, Magnus Øyvind"]
[Black "Nedreaas, Iacob"]
[Result "0-1"]
[WhiteElo "868"]
[BlackElo "1016"]
[PlyCount "106"]
[EventDate "2016.10.30"]
[Board "4"]
[WhiteTeam "Follo 4"]
[BlackTeam "Vålerenga 5"]

1. e4 c5 2. c3 d6 3. d4 cxd4 4. cxd4 Nc6 5. Nf3 Nf6 6. d5 Nb8 7. Nc3 g6 8. Be3
Bg7 9. Qd2 Nbd7 10. Bd3 Nc5 11. Bxc5 dxc5 12. Rc1 b6 13. e5 Nd7 14. Bb5 O-O 15.
Bc6 Rb8 16. Qf4 Qc7 17. Qg3 Nxe5 18. Kf1 Ba6+ 19. Bb5 Bxb5+ 20. Nxb5 Qd7 21.
Nxe5 Qxb5+ 22. Qd3 Qxd3+ 23. Nxd3 Rfd8 24. Ke2 Rxd5 25. Rhe1 Rbd8 26. Rcd1 c4
27. Nb4 Rxd1 28. Rxd1 Rxd1 29. Kxd1 Bxb2 30. Nc6 Kf8 31. Nxa7 Be5 32. Nb5 f5
33. Na3 c3 34. Kc2 Ke8 35. g3 Bd4 36. f4 Bg1 37. h3 Bh2 38. g4 Bxf4 39. Kxc3 e5
40. Nc4 Kd7 41. Nxb6+ Kc6 42. Nc4 Kc5 43. a4 e4 44. Nd2 Bxd2+ 45. Kxd2 Kb4 46.
Ke3 Kxa4 47. h4 Kb4 48. Kd4 Kb3 49. h5 Kc2 50. Ke3 Kc3 51. Ke2 f4 52. hxg6 hxg6
53. g5 Kd4 0-1

[Event "Østlandsserien 2016/2017, 2. div. A"]
[Site "Oslo NOR"]
[Date "2017.02.05"]
[Round "5"]
[White "Hoel, Jørgen"]
[Black "Voll, Oddvar U"]
[Result "1-0"]
[WhiteElo "1897"]
[BlackElo "1890"]
[PlyCount "87"]
[EventDate "2016.10.30"]
[Board "1"]
[WhiteTeam "Follo 1"]
[BlackTeam "OSS Voksne"]

1. Nf3 d5 2. g3 Nf6 3. Bg2 g6 4. b3 Bg7 5. Bb2 O-O 6. O-O c5 7. c4 Nc6 8. cxd5
Nxd5 9. Bxg7 Kxg7 10. Qc2 b6 11. Nc3 Bb7 12. a3 e6 13. d3 Rc8 14. Ne4 h6 15. h4
f5 16. Ned2 Qf6 17. Nc4 Nd4 18. Qb2 Rfd8 19. b4 Nxf3+ 20. Bxf3 Qxb2 21. Nxb2
Ba6 22. Rfc1 Rd7 23. bxc5 Rdc7 24. Na4 Bb5 25. Nc3 Nxc3 26. Rxc3 Rxc5 27. Rxc5
Rxc5 28. Kf1 Kf6 29. Ke1 Ba4 30. Ra2 e5 31. Kd2 g5 32. hxg5+ Kxg5 33. e3 a5 34.
Rb2 b5 35. d4 exd4 36. exd4 Rc8 37. Kd3 f4 38. d5 fxg3 39. fxg3 Kf5 40. Kd4 Rg8
41. d6 Rxg3 42. d7 Rg8 43. Bc6 Rg1 44. Be4+ 1-0

[Event "Østlandsserien 2016/2017, 2. div. A"]
[Site "Oslo NOR"]
[Date "2017.02.05"]
[Round "5"]
[White "Hansen, Tommy"]
[Black "Lange, David"]
[Result "0-1"]
[WhiteElo "1716"]
[BlackElo "1893"]
[Annotator "Lange,Holger"]
[PlyCount "74"]
[EventDate "2016.10.30"]
[Board "2"]
[WhiteTeam "OSS Voksne"]
[BlackTeam "Follo 1"]

1. e4 c5 2. Nc3 d6 3. f4 Nc6 4. Nf3 g6 5. Bb5 Bd7 6. a4 Bg7 7. O-O Nf6 8. d3
O-O 9. Bc4 a6 10. Qe1 Nb4 11. Bb3 b5 12. e5 Ng4 13. e6 $2 (13. axb5 axb5 14.
Rxa8 Qxa8 15. e6) 13... c4 14. exf7+ Kh8 15. Ne4 a5 16. dxc4 bxc4 17. Bxc4 Nxc2
18. Qh4 Nxa1 19. Nfg5 Nh6 20. Kh1 Bf5 $2 21. Ng3 $2 (21. b3 d5 22. Bb2 d4 23.
Bxa1 $11 Bxe4 24. Nxe4 Nxf7 25. Bxf7 Rxf7 26. Ng5 Qg8 27. Nxf7+ Qxf7 $15) 21...
Qc8 22. b3 d5 $4 {taper} (22... Nxb3 $1 {vanskelig å finne!} 23. Bxb3 Rb8 (
23... Qc3 24. Nxf5 gxf5 25. Be6 Qd3 26. Re1 Rab8) 24. Bb2 e5) 23. Nxf5 $4 (23.
Bb2 $1 {Game over!}) 23... Qxf5 24. Be2 $4 {tapstrekk} (24. Bb2 $1 Bxb2 25.
Qxh6 Rxf7 26. g4 Qf6 27. Bxd5 Raf8 28. Bxf7 Rxf7 29. Nxf7+ Qxf7 30. Rd1 Qe8 31.
Qg5 Nxb3 $11) 24... Nxb3 25. Bb2 d4 26. Ba3 Ra7 27. g4 Qc2 28. Bd1 Qc6+ 29. Bf3
Qxa4 30. Bb2 Nd2 31. Nxh7 Kxh7 32. Rf2 Nxf3 33. Rxf3 Qd1+ 34. Kg2 Qe2+ 35. Kg3
Rxf7 36. Ba3 Qe1+ 37. Kh3 Qxh4+ 0-1

[Event "Østlandsserien 2016/2017, 2. div. A"]
[Site "Oslo NOR"]
[Date "2017.02.05"]
[Round "5"]
[White "Barane, Simon"]
[Black "Eriksen, Dag"]
[Result "1-0"]
[WhiteElo "1829"]
[BlackElo "1528"]
[PlyCount "136"]
[EventDate "2016.10.30"]
[Board "3"]
[WhiteTeam "Follo 1"]
[BlackTeam "OSS Voksne"]

1. d4 d5 2. e4 dxe4 3. Nc3 e5 4. dxe5 Qxd1+ 5. Kxd1 Nc6 6. Bb5 Bg4+ 7. Ke1 Nge7
8. Bg5 O-O-O 9. Bxc6 bxc6 10. h3 Bh5 11. g4 Bg6 12. Nge2 h5 13. gxh5 Bxh5 14.
Ng3 Bf3 15. Rh2 Rd4 16. Nge2 Rb4 17. b3 Ng6 18. Rd1 Be7 19. a3 Rb8 20. Bxe7
Nxe7 21. Rd4 Rh4 22. Ng1 Rh5 23. Nxe4 Bxe4 24. Rxe4 Rb5 25. f4 Nf5 26. Ne2 Rd5
27. Nc3 Rd8 28. Ra4 Nd4 29. Kf1 Nf3 30. Rf2 Nd2+ 31. Kg2 Kb8 32. Ne4 Nxe4 33.
Rxe4 Kc8 34. Ra4 Kb7 35. Kg3 Rd1 36. Kg4 g6 37. Kg3 Rg1+ 38. Kh2 Re1 39. Kg3
Re3+ 40. Rf3 Rxh3+ 41. Kxh3 Rxf3+ 42. Kg4 Rf2 43. Rc4 Rg2+ 44. Kf3 Rg1 45. Re4
Rf1+ 46. Kg2 Rd1 47. e6 Rd2+ 48. Kg3 fxe6 49. Rxe6 Rxc2 50. Rxg6 Rc3+ 51. Kh4
Rxb3 52. Rg3 Rb5 53. Rf3 Kc8 54. f5 Kd7 55. Kg5 Ke7 56. Kg6 Kf8 57. Kf6 c5 58.
Rc3 Ra5 59. Ke6 Rb5 60. Kd7 a5 61. Kc6 Rb6+ 62. Kxc7 Rf6 63. Rxc5 a4 64. Kd7
Ra6 65. Rc6 Ra7+ 66. Ke6 Re7+ 67. Kd6 Ke8 68. Rc8+ Kf7 1-0

[Event "Østlandsserien 2016/2017, 2. div. A"]
[Site "Oslo NOR"]
[Date "2017.02.05"]
[Round "5"]
[White "Roderburg, Rolf Theodo"]
[Black "Støle, Andreas"]
[Result "0-1"]
[WhiteElo "1429"]
[BlackElo "1632"]
[Annotator "Støle, Andreas"]
[PlyCount "100"]
[EventDate "2016.10.30"]
[Board "4"]
[WhiteTeam "OSS Voksne"]
[BlackTeam "Follo 1"]

1. e4 c5 2. Nf3 g6 3. d4 cxd4 4. Nxd4 Bg7 5. Be3 Nc6 6. Nc3 Nf6 7. Be2 O-O 8.
Qd2 d5 9. Nxc6 bxc6 10. e5 Nd7 11. f4 e6 12. Na4 Nxe5 13. fxe5 Qh4+ 14. Bf2
Qxa4 15. Bc5 Qh4+ (15... Bxe5 16. Bxf8 Kxf8) 16. g3 Qe4 17. Rf1 Ba6 18. Bxf8
Rxf8 19. Rf2 Qxe5 20. c3 Qe4 21. O-O-O Bxe2 22. Re1 (22. Rxe2 Bh6 23. Rxe4
Bxd2+ 24. Kxd2 dxe4) 22... Qa4 23. Rfxe2 Qxa2 24. Kc2 Rb8 25. Rb1 Qb3+ (25...
Rb3 26. Ree1 d4 27. cxd4 Qa4 28. Kc1 Qc4+ 29. Qc2 Bh6+ 30. Kd1) 26. Kc1 c5 27.
Qc2 Bh6+ 28. Kd1 Qc4 29. Ke1 d4 30. cxd4 Qxd4 31. Kf1 Rd8 32. Qe4 Qd6 33. Kg2
a5 34. Rf1 Bg7 35. Qf3 f5 36. Qa3 Qb6 37. Qe3 e5 38. Rd2 Rd4 39. Rxd4 cxd4 40.
Qc1 Qb5 41. Qc8+ Bf8 42. Qe6+ Kg7 43. g4 Qe2+ 44. Rf2 Qxg4+ 45. Kf1 Qe4 46.
Qd7+ Kh6 47. Qd8 Bb4 48. h4 Qh1+ 49. Ke2 d3+ 50. Qxd3 (50. Kxd3 Qe4#) 50...
Qe1+ 0-1

[Event "Østlandsserien 2016/2017, 3. div. B"]
[Site "Oslo NOR"]
[Date "2017.02.05"]
[Round "4"]
[White "Lange, Holger"]
[Black "Stene, Thomas"]
[Result "0-1"]
[WhiteElo "1598"]
[BlackElo "1653"]
[Annotator "Lange,Holger"]
[PlyCount "136"]
[EventDate "2016.10.30"]
[Board "1"]
[WhiteTeam "Follo 2"]
[BlackTeam "Groruddalen 1"]

1. e4 c5 2. Nf3 d6 3. d4 cxd4 4. Nxd4 Nf6 5. Nc3 a6 6. Be3 e5 7. Nb3 Be6 8. Be2
Be7 9. O-O O-O 10. Qd2 Nbd7 11. Rad1 $6 {teorie inntil nå. Men her velger jeg
"feil tårn", den skal tal c1, og den på f1 skal til d1} Rc8 12. f3 Qc7 13. Bd3
Nb6 14. Qf2 Bd8 15. Rfe1 Nc4 16. Bxc4 Bxc4 17. Qd2 Be7 18. Rc1 b5 19. a3 h6 20.
Red1 {nemlig. Det tok to trekk mer enn nødvendig.} Rfd8 $6 {Kritisk var} (20...
d5 21. exd5 Rfd8 $1 22. Qf2 Nxd5 23. Nxd5 Rxd5 {med liten fordel for svart})
21. Qf2 Rb8 22. Qg3 Nh5 23. Qf2 Nf4 $2 {fra her har hvit bedre spill og
kontroll} 24. Bxf4 exf4 25. Nd5 Bxd5 26. Rxd5 Bf6 27. c3 Be5 28. Rcd1 Rdc8 29.
Nd4 (29. Nc1 {er et hakk bedre:} Rd8 30. Nd3 a5 31. Qd2 Re8 32. Kh1 {osv.})
29... g6 {Sf5 så ubehagelig ut for svart} 30. Qh4 Kh7 31. Ne2 Qa7+ 32. Qf2 Qe7
{Hvit har en solid fordel her} 33. Nc1 Rc5 34. Rxc5 {ikke blant de beste 6-7
trekk i følge Stockfish. Jeg syntes det var ganske naturlig å bytte og sette
annen tårn igjen på d5} dxc5 35. Rd5 Rd8 36. Qd2 Rxd5 37. Qxd5 c4 $1 {rettet
mot Sd3. =0.00 ifg. Stockfish. Jeg hadde inntrykk at alt er under kontroll for
hvit.} 38. Ne2 Qc7 39. Kf1 Kg8 $2 40. Nd4 (40. Qa8+ {vinner en bonde, men jeg
var redd for at svart få d-linjen og kan starte angrip mot hvits konge}) 40...
Qd6 41. Nc6 Qxd5 42. Ne7+ Kf8 43. Nxd5 Bd6 44. Kf2 h5 45. g3 fxg3+ 46. hxg3 Ke8
47. f4 Kd7 48. Kf3 Ke6 49. Ne3 f6 50. f5+ Kf7 51. fxg6+ Kxg6 52. Nf5 Bc5 {Her
hadde Jan Rune og Petter vunnet, og Torstein sto dårlig. Jeg ønsket å avgjøre
kampen med remistilbud her. Selv om motstanderen kan egentlig ikke akseptere
det, kan det være psykologisk viktig å vise at man mener at stillingen er
minst likt. Det er sant:} 53. Kf4 Bf8 {Ke3, Kf3, Sh4+, g4 er alle remistrekk.
Jeg trodde det gjaldt også mitt trekk:} 54. Nd4 $4 {med remistilbudet, som
kommer akkurat for seint!} Bh6+ {game over, men jeg håpet for en mirakel, det
skjer av og til} 55. Kf3 Bc1 56. Ne6 Bxb2 57. Nc7 Bxa3 58. Nxa6 Bb2 59. Nc7
Bxc3 60. Nxb5 Be5 61. Na3 c3 62. Nc2 Kf7 63. Nb4 Ke6 64. Na2 c2 65. Ke3 Bxg3
66. Kd2 Ke5 67. Nc3 Be1+ 68. Kxc2 Bxc3 {Ingen mirakel. Hvit ga opp} 0-1

[Event "Østlandsserien 2016/2017, 3. div. B"]
[Site "Oslo NOR"]
[Date "2017.02.05"]
[Round "4"]
[White "Fjellheim, Benjamin"]
[Black "Furnes, Torstein"]
[Result "1-0"]
[WhiteElo "1490"]
[BlackElo "1565"]
[Annotator "Furnes, Torstein"]
[PlyCount "109"]
[EventDate "2016.10.30"]
[Board "2"]
[WhiteTeam "Groruddalen 1"]
[BlackTeam "Follo 2"]

1. d4 d5 2. Bf4 Nf6 3. e3 Bf5 4. c4 e6 5. Nc3 c6 6. Nf3 Bd6 7. Ne5 O-O 8. Qb3
b6 9. Rc1 dxc4 $146 {Dette var partiets første trekk som ikke finnes i
ChessBase sine databaser.} 10. Bxc4 b5 11. Be2 a5 12. O-O a4 13. Qd1 a3 14. b3
Ra7 $6 {En feil som gjør at hvit får muligheten til en liten kombinasjon.} ({
Fritz foreslår} 14... b4 15. Na4 Nd5 16. Bg3 Bxe5 17. Bxe5 Nd7 18. Bd6 Re8) 15.
Nxc6 $1 Nxc6 16. Bxd6 Qxd6 17. Nxb5 Qd7 18. Rxc6 $1 ({Etter} 18. Nxa7 Nxa7 {
har hvit vunnet tårn og to bønder i bytte mot to springere. Men teksttrekket
er sterkere.}) 18... Ra5 ({Fritz foretrekker} 18... Qxc6 19. Nxa7 Qc3 {med
planen Db2.}) 19. Rc7 Qd8 20. Qc1 Nd5 21. Rc5 Qg5 22. Bf3 Bd3 23. e4 ({Fritz
vil heller spille} 23. Qd2 $18) 23... Qxc1 24. Rfxc1 Nb4 25. Nd6 Ra6 26. Nc8 $1
Nxa2 27. Ne7+ Kh8 28. Rc8 Ra8 29. Rxf8+ Rxf8 30. Ra1 Nc3 ({Fritz foretrekker} 
30... Nb4 31. Rxa3 Nc2 32. Ra4 Bb5 $14) 31. Rxa3 Nxe4 $2 $18 ({Fritz mener det
er bedre å spille} 31... Bxe4 32. b4 Nb5 33. Ra5 Bd3 $16) 32. b4 Bc2 33. Bxe4
Bxe4 34. Rc3 Rb8 $4 $18 {Dette er tapstrekket. Svart blir nå snart nødt til å
ofre løperen på b-bonden.} ({Svart kan kjempe videre med} 34... g5 35. Rc8 Kg7)
35. Rc8+ Rxc8 36. Nxc8 Kg8 37. Nd6 Bd5 38. b5 Kf8 39. b6 Ke7 40. b7 Bxb7 41.
Nxb7 Kd7 42. Kf1 Kc7 43. Nc5 Kd6 44. Ke2 Kd5 45. Kd3 e5 46. Nb3 exd4 47. Nxd4
Ke5 48. Ke3 h5 49. f4+ Kf6 50. Ke4 g6 51. h4 Ke7 52. Ke5 f6+ 53. Kd5 Kf7 54.
Kd6 f5 55. Ke5 1-0

[Event "Østlandsserien 2016/2017, 3. div. B"]
[Site "Oslo NOR"]
[Date "2017.02.05"]
[Round "4"]
[White "Lund, Petter"]
[Black "Wright, Haakon"]
[Result "1-0"]
[WhiteElo "1583"]
[BlackElo "1393"]
[PlyCount "89"]
[EventDate "2016.10.30"]
[Board "3"]
[WhiteTeam "Follo 2"]
[BlackTeam "Groruddalen 1"]

1. c4 e5 2. Nc3 f5 3. d3 Nf6 4. e3 Bb4 5. Bd2 Nc6 6. a3 Be7 7. Nd5 O-O 8. Be2
d6 9. Qc2 Be6 10. Nxe7+ Qxe7 11. b4 a5 12. b5 Na7 13. Nf3 c6 14. a4 c5 15. Bxa5
Nc6 16. Bc3 Na5 17. O-O h6 18. Nd2 b6 19. Rfe1 g5 20. d4 e4 21. Ra3 d5 22. Rea1
cxd4 23. Bxa5 Rxa5 24. Nb3 d3 25. Qd2 Raa8 26. cxd5 Nxd5 27. Bd1 Nb4 28. Nd4
Bd7 29. Rb3 Nd5 30. a5 bxa5 31. Rxa5 Nb6 32. Ra6 Nc4 33. Qa2 Rxa6 34. bxa6 Ra8
35. Rb7 Qc5 36. Bb3 Bc8 37. Bxc4+ Kh8 38. Ne6 Qe5 39. Re7 Qc3 40. Re8+ Kh7 41.
Nxg5+ hxg5 42. Bg8+ Kh6 43. Re6+ Kg7 44. Re7+ Kh6 45. Rh7+ 1-0

[Event "Østlandsserien 2016/2017, 3. div. D"]
[Site "Jessheim, Akershus NOR"]
[Date "2017.02.05"]
[Round "4"]
[White "Andersen, Odd"]
[Black "Hetland, Kurt"]
[Result "1/2-1/2"]
[WhiteElo "1611"]
[BlackElo "1759"]
[PlyCount "57"]
[EventDate "2016.10.30"]
[Board "1"]
[WhiteTeam "Follo 3"]
[BlackTeam "Ullr"]

1. d4 d5 2. Bf4 Bf5 3. e3 Nf6 4. c4 dxc4 5. Bxc4 e6 6. Qb3 Be4 7. Nf3 Bd6 8.
Bg3 O-O 9. Nbd2 Bc6 10. O-O Nbd7 11. Rfe1 Nb6 12. Bd3 Ba4 13. Qc3 Nfd5 14. Qc1
Rc8 15. b3 Bd7 16. Qb1 h6 17. a3 Bxg3 18. hxg3 c5 19. dxc5 Rxc5 20. Ne4 Nc3 21.
Qb2 Nxe4 22. Bxe4 Bc6 23. Bxc6 Rxc6 24. Rac1 Rxc1 25. Rxc1 Qd6 26. b4 Rc8 27.
Rxc8+ Nxc8 28. Qd4 Qxd4 29. Nxd4 1/2-1/2

[Event "Østlandsserien 2016/2017, 3. div. D"]
[Site "Jessheim, Akershus NOR"]
[Date "2017.02.05"]
[Round "4.2"]
[White "Pedersen, Odd"]
[Black "Lea, Per"]
[Result "1/2-1/2"]
[WhiteElo "1624"]
[BlackElo "1533"]
[Annotator "Lea, Per"]
[PlyCount "58"]
[EventDate "2016.10.30"]
[WhiteTeam "Ullr"]
[BlackTeam "Follo 3"]

1. c4 Nf6 2. Nc3 c5 3. Nf3 Nc6 4. d4 cxd4 5. Nxd4 g6 6. Bg5 Bg7 7. e3 O-O 8.
Be2 Qa5 9. Bh4 Ne4 10. Qd3 Nxc3 ({Her vurderte jeg lenge} 10... Nc5 11. Qd1 ({
I analysene etterpå så ingen av oss at} 11. Qd2 {strander på} Nxd4 12. exd4 Nb3
) 11... Nxd4 12. exd4 Ne4 13. Rc1 Nxc3 14. bxc3 Re8 15. O-O d6 (15... Qxa2 16.
Ra1 Qb2 {fører neppe noe godt med seg})) 11. Qxc3 Qe5 {Skummelt - og neppe det
beste} (11... Qxc3+ 12. bxc3 Re8 {ser mer naturlig ut}) 12. Bg3 Qe4 13. Bf3
Bxd4 14. Bxe4 Bxc3+ 15. bxc3 d6 16. Rb1 Ne5 (16... Nd8 {er nok sikrere, men
ble aldri vurdert. Svart er villig til å betale mye for å få ut løperen og få
forbindelse mellom tårnene}) 17. c5 d5 {Originalt, men ikke godt. Svart innser
at hvits løperpar er mye farligere enn hva det så ut for noen trekk tidligere}
(17... f6 18. cxd6 exd6 19. O-O Rb8 {med en liten fordel for hvit}) 18. Bxd5
Nd3+ 19. Ke2 Nxc5 20. Rb5 Na4 21. Rc1 Nb6 22. Bf3 Bd7 23. Rb4 ({Begge overså} 
23. Re5 $1 {og hvit vinner bonden på e7 eller b7 uten at svart har noen som
helst form for kompensasjon}) 23... Bc6 24. c4 Rfd8 25. Bc7 {Hvit kommer med
en manøver som påfører svart en dobbeltbonde, men samtidig forsvinner
løperparet} Rd7 26. Bxb6 axb6 27. Rc2 Bxf3+ 28. Kxf3 Rd6 29. Rcb2 Ra6 {Med
remisforslag som ble mottatt. Stockfish foretrekker hvits stilling, men det er
ikke lett å se hvordan den minimale fordelen skal realiseres.} 1/2-1/2

[Event "Østlandsserien 2016/2017, 3. div. D"]
[Site "Jessheim, Akershus NOR"]
[Date "2017.02.05"]
[Round "4"]
[White "Kielland-Lund, Jon"]
[Black "Syversrud, Jørn Christian"]
[Result "0-1"]
[WhiteElo "1499"]
[BlackElo "1446"]
[Annotator "Stockfish 8 64 (30m)"]
[PlyCount "90"]
[EventDate "2016.10.30"]
[Board "3"]
[WhiteTeam "Follo 3"]
[BlackTeam "Ullr"]

1. c4 e5 2. Nc3 Nf6 3. Nf3 Nc6 4. g3 d5 5. cxd5 Nxd5 6. Bg2 Nb6 7. O-O Be7 8.
d3 O-O 9. Be3 Be6 10. a3 {last book move} Bf6 {Black has an active position}
11. Bc5 {White threatens to win material: Bc5xf8} Re8 {Black has an active
position} 12. Ne4 Be7 13. b4 f6 {Secures g5} 14. Bxe7 Qxe7 15. Nc5 {White
threatens to win material: Nc5xb7} Bc8 16. Nd2 Nd8 17. Qb3+ (17. Qb3+ {[%emt 0:
00:05]}) 17... Kh8 18. Rfc1 Rb8 19. Rc2 Ne6 20. Rac1 $4 {White is ruining his
position} (20. Nxe6 $142 {would bring relief} Bxe6 21. Qc3 $11) 20... Nd4 $19
21. Qb1 Nxe2+ 22. Kh1 Nxc1 23. Qxc1 c6 24. Ndb3 Nd7 25. Ne4 f5 (25... Nf8 {
might be the shorter path} 26. Qe3 $19) 26. Nec5 (26. Ng5 Qf6 $19) 26... Nxc5
27. Nxc5 (27. Rxc5 {doesn't do any good} Qd6 $19) 27... b6 28. Nb3 Bb7 29. Kg1
(29. Rc3 {a fruitless try to alter the course of the game} Rbd8 $19) 29... Qd7
(29... Rbd8 {and Black can already relax} 30. Rc3 $19) 30. Rd2 (30. Nd2 {does
not win a prize} Rbd8 $19) 30... Qe6 31. Qc2 Red8 32. f3 (32. Re2 {does not
improve anything} Ba6 33. Nc1 e4 $19) 32... Rd6 (32... c5 {keeps an even
firmer grip} 33. b5 $19) 33. Qc3 Rc8 (33... Rbd8 $142 {and Black can already
relax} 34. Rd1 $19) 34. Nc1 (34. Re2 {doesn't change anything anymore} Qd7 35.
d4 exd4 $19) 34... Ba6 (34... c5 {seems even better} 35. Ne2 $19) 35. Bf1 (35.
Re2 {hardly improves anything} Rd5 36. a4 Rcd8 $19) 35... Qd5 (35... c5 $142 {
might be the shorter path} 36. Qb2 cxb4 37. axb4 e4 $19) 36. Kg2 (36. Nb3 {is
one last hope} c5 37. bxc5 bxc5 38. Be2 $19) 36... e4 37. fxe4 (37. Qb3 {is
not much help} exf3+ 38. Kg1 Qd4+ 39. Rf2 f4 $19) 37... fxe4 38. Kg1 Qd4+ (
38... Qg5 $142 {and Black wins} 39. Rf2 exd3 40. Qd2 Qxd2 41. Rxd2 $19) 39.
Qxd4 Rxd4 40. Rf2 (40. Nb3 {is still a small chance} e3 41. Rd1 $19) 40... exd3
41. Nb3 Rd6 42. Nd2 Re6 43. Rf7 (43. Bh3 {doesn't get the bull off the ice}
Re1+ 44. Kg2 Rd8 $19) 43... Bb5 (43... c5 $142 {makes it even easier for Black}
44. Rxa7 Bb5 45. bxc5 bxc5 46. a4 $19) 44. Rxa7 (44. a4 {the last chance for
counterplay} Bxa4 45. Bxd3 $19) 44... c5 45. bxc5 (45. a4 {doesn't improve
anything} c4 46. axb5 c3 47. Bxd3 cxd2 $19) 45... bxc5 (45... bxc5 46. Rb7 Ba6
$19 {De siste få trekkene fant jeg ikke ut av, men tapt er det jo uansett}) 0-1

[Event "Østlandsserien 2016/2017, 4. div. D"]
[Site "Oslo NOR"]
[Date "2017.02.05"]
[Round "4"]
[White "Thowsen, Alf Geir"]
[Black "Nygaard, Trond"]
[Result "0-1"]
[WhiteElo "1188"]
[BlackElo "1089"]
[PlyCount "90"]
[EventDate "2016.10.30"]
[Board "1"]
[WhiteTeam "Follo 4"]
[BlackTeam "Groruddalen 2"]

1. d4 Nf6 2. c4 g6 3. Nc3 Bg7 4. Nf3 O-O 5. e3 d6 6. Be2 b6 7. O-O Bb7 8. Nd2
Nc6 9. Bf3 Qc8 10. b3 e5 11. d5 Ne7 12. e4 c6 13. Bb2 cxd5 14. cxd5 Ba6 15. Re1
Nd7 16. Rc1 Nc5 17. Nc4 Qd8 18. Be2 f5 19. f3 Bh6 20. Rc2 f4 21. b4 Bxc4 22.
Bxc4 Nd7 23. Nb5 Nf6 24. Qe2 a6 25. Nc3 b5 26. Bd3 Kh8 27. Qf2 g5 28. g3 g4 29.
gxf4 Bxf4 30. Ne2 Ng6 31. Bc1 gxf3 32. Nxf4 Nxf4 33. Bxf4 exf4 34. Qxf3 Ng4 35.
Rc6 Ne5 36. Qh3 Nxc6 37. e5 Qb6+ 38. Kh1 Ra7 39. dxc6 Qxc6+ 40. Be4 d5 41. Bd3
f3 42. e6 f2 43. Re5 d4+ 44. Qg2 Qxg2+ 45. Kxg2 Rg7+ 0-1

[Event "Østlandsserien 2016/2017, 4. div. D"]
[Site "Oslo NOR"]
[Date "2017.02.05"]
[Round "4"]
[White "Midtgard, Anders"]
[Black "Sjømoen, Ole-Andreas"]
[Result "1/2-1/2"]
[WhiteElo "1125"]
[BlackElo "940"]
[PlyCount "121"]
[EventDate "2016.10.30"]
[Board "3"]
[WhiteTeam "Follo 4"]
[BlackTeam "Groruddalen 2"]

1. d4 Nf6 2. c4 e6 3. Nf3 d5 4. Nc3 Nbd7 5. cxd5 exd5 6. Bg5 c6 7. e3 Bd6 8.
Bd3 O-O 9. O-O Qc7 10. e4 dxe4 11. Nxe4 Nxe4 12. Bxe4 f6 13. Bh4 Nb6 14. Rc1
Bg4 15. Bg3 Bxg3 16. hxg3 Rfe8 17. Bb1 Rad8 18. Qd3 g6 19. Rfd1 Nd5 20. a3 Bf5
21. Qc4 Be6 22. Qd3 Qd6 23. Re1 Kf7 24. Rcd1 Bf5 25. Qc4 Bxb1 26. Rxb1 Rxe1+
27. Rxe1 Re8 28. Rxe8 Kxe8 29. Kf1 Ke7 30. Ke1 Qe6+ 31. Qe2 Qxe2+ 32. Kxe2 Kd6
33. Nd2 f5 34. Nc4+ Ke6 35. Na5 Nb6 36. Kd3 Kd5 37. b3 Nd7 38. Nxb7 Nf6 39. f3
Nh5 40. Ke3 Nxg3 41. Nc5 Nf1+ 42. Kd3 f4 43. Na4 Ne3 44. Nc3+ Kd6 45. Ne4+ Ke7
46. g3 Ng2 47. gxf4 Nxf4+ 48. Kc4 h5 49. Kc5 Kd7 50. Nf6+ Kc7 51. Kc4 h4 52.
Ng4 h3 53. Nh2 Kd6 54. b4 Ng2 55. Ng4 Ne1 56. Nh2 Nc2 57. a4 Ne3+ 58. Kd3 Nd1
59. Kc2 Ne3+ 60. Kd3 Nd5 61. Kc4 1/2-1/2

[Event "Østlandsserien 2016/2017, 4. div. D"]
[Site "Oslo NOR"]
[Date "2017.02.05"]
[Round "4"]
[White "Kjærstad, Aleksander"]
[Black "Lange, Magnus Øyvind"]
[Result "0-1"]
[WhiteElo "650"]
[BlackElo "868"]
[Annotator "Lange,Holger"]
[PlyCount "88"]
[EventDate "2016.10.30"]
[Board "4"]
[WhiteTeam "Groruddalen 2"]
[BlackTeam "Follo 4"]

1. e3 {Ja vel?} e5 2. d4 exd4 3. exd4 d5 4. Nf3 Bg4 5. Be2 Nc6 6. c4 Bxf3 7.
Bxf3 Bb4+ 8. Nc3 Qe7+ 9. Be2 O-O-O {Hvit står best her} 10. O-O $2 (10. cxd5
Rxd5 11. Be3 Nf6 12. O-O Rd6 13. Qb3 Bxc3 14. bxc3 Nd5 15. Bg4+ Kb8 16. Bd2 $16
) 10... dxc4 11. Bxc4 $2 Nxd4 12. Re1 $4 Nf3+ 13. Qxf3 {Hvit valgte ikke
alternativet å gi opp allerede her} Qxe1+ 14. Bf1 Bxc3 15. Qxc3 Rd1 16. Qxe1
Rxe1 17. b3 Nf6 18. Bb2 Rxa1 19. Bxa1 Rd8 20. Bc3 Rd6 21. h3 Rc6 22. Be5 Rc1
23. g4 Ne4 24. Bf4 Rc2 25. Be3 Rxa2 26. Bd3 Nf6 27. Bc4 Rc2 28. Bxf7 c6 29. Kg2
Nd5 30. Be6+ Kc7 31. Kf3 Rc3 32. Bxd5 cxd5 33. b4 d4 34. Ke4 dxe3 35. fxe3 Rc4+
36. Kd5 Rxb4 37. e4 Rxe4 $6 {drastisk men bra nok} 38. Kxe4 a5 39. Kd3 b5 40.
Kc3 b4+ 41. Kb3 Kd6 42. h4 Ke5 43. g5 Kf5 44. Ka4 Kg4 0-1

[Event "Østlandsserien 2016/2017, 2. div. A"]
[Site "Lørenskog, Akershus NOR"]
[Date "2017.03.04"]
[Round "6"]
[White "Larsen, Joakim"]
[Black "Skaar, Helge Berge"]
[Result "1-0"]
[WhiteElo "1927"]
[BlackElo "1613"]
[Annotator "Lea, Per"]
[PlyCount "97"]
[EventDate "2016.10.30"]
[WhiteTeam "Follo 1"]
[BlackTeam "Lørenskog 1"]

1. e4 c5 2. Nf3 d6 3. Nc3 Nf6 4. g3 Nc6 5. Bg2 g6 6. d4 cxd4 7. Nxd4 Bd7 8. O-O
Bg7 9. Nb3 O-O 10. a4 Rc8 11. a5 Be6 12. Nd5 Qd7 13. Bd2 Bh3 14. Re1 Bxg2 15.
Kxg2 Rfe8 16. a6 b6 17. Bc3 Nxd5 18. Bxg7 Kxg7 19. exd5 Ne5 20. Nd4 Rc5 21. b4
Rc7 22. f4 Ng4 23. Nc6 Rxc6 24. dxc6 Qxc6+ 25. Qf3 Qxf3+ ({Å vinne c-bonden er
bedre enn å vinne h-bonden:} 25... Qxc2+ 26. Re2 Qc8) 26. Kxf3 Nxh2+ 27. Ke4 e6
28. Ra3 Ng4 29. Rc3 Nf6+ 30. Kd4 Nd5 31. Rb3 Rc8 32. c4 Ne7 33. g4 Kf6 34. Rh1
Kg7 35. Rc1 Kf6 36. c5 dxc5+ 37. bxc5 Rd8+ {Trekk som ser naturlige ut, er
ofte dårlige...} ({Etter} 37... Rc6 {er det vanskelig å se hvordan hvit kan
komme videre:} 38. g5+ Kg7) 38. Ke4 bxc5 39. Rxc5 Nd5 40. g5+ Kg7 41. Rb7 Ra8
42. Rc6 Kf8 43. Ke5 Kg8 44. Rd6 Nb6 45. Rdxb6 $1 axb6 46. Kf6 $1 h5 47. a7 Kh7
48. Rxf7+ Kg8 49. Rb7 1-0